1231 1266 1874 1238 1994 1721 1207 1721 1813 1024 1511 1010 1327 1377 1664 1562 1216 1160 1522 1937 1813 1813 1187 1954 1398 1935 1636 1218 1266 1231 1709 1825 1621 1015 1383 1658 1608 1215 1004 1795 1145 1310 1674 1743 1125 1871 1767 1759 1679 1531 1726 1258 1660 1129 1641 1066 1653 1567 1906 1267 1284 1866 1833 1440 1399 1574 1160 1458 1305 1485 1512 1733 1928 1492 1610 1865 1897 1946 1355 1241 1356 1878 1648 1336 1924 1901 1372 1601 1933 1133 1852 1437 1729 1478 1769 1838 1535 1641 1051 BCNSPRNW ULIB Ver.6.0+V

เปลี่ยนเป็นภาษาไทย

Change to English
 แสดงรายละเอียดบรรณานุกรม
  กลับหน้าหลัก

Brief Record : Get Marc (ISO 2709) : E-mail record : QR code < ปิดหน้าต่าง
LEADER : 00000nam 2200000uu 4500
001    13399122153
003     ULIB
008    130107s2555||||th 000 0 tha d
020    9786161113513
050  4 ^aBJ1481^bร243บ 2554
100 0  ^aระพี สาคริก
245 10 ^aบันทึกการเรียนรู้ /^cระพี สาคริก
260    ^aกรุงเทพฯ :^bพิมพ์ดี,^c2554
300    ^a102, (2) หน้า :^bภาพประกอบ,^c23 ซม.
600 04 ^aระพี สาคริก,^d2465-
600 04 ^aระพี สาคริก^xผลงาน
650  4 ^aการดำเนินชีวิต
945    ^p0^l0^i033372
945    ^p0^l0^i033373
945    ^p0^l0^i033374
945    ^p0^l0^i033375
945    ^p0^l0^i033376
995    ^a เกษร
999    ^aใช้งานได้ทุกระบบ
รายการนี้ยังไม่มีแท็ก
คุณยังไม่ได้ล็อกอิน คุณสามารถมีกิจกรรมร่วมกับเว็บไซต์ได้ แต่ต้องล็อกอินก่อน ::
  ล็อกอิน

รายการสื่อสารสนเทศ

ลำดับที่ ประเภท เลขเรียก/บาร์โค้ด สถานที่ สถานะ
1. การศึกษาทั่วไป
หนังสือสำรอง
สถานะ=หนังสือสำรอง
BJ1481 ร243บ 2554 ฉ.1 
  Barcode: 033372
ห้องสมุดวิทยาเขตสวรรค์ประชารักษ์
►หนังสือทั่วไป
บนชั้น
2. การศึกษาทั่วไป
การศึกษาทั่วไป
BJ1481 ร243บ 2554 ฉ.2 
  Barcode: 033373
ห้องสมุดวิทยาเขตสวรรค์ประชารักษ์
►หนังสือทั่วไป
บนชั้น
3. การศึกษาทั่วไป
การศึกษาทั่วไป
BJ1481 ร243บ 2554 ฉ.3 
  Barcode: 033374
ห้องสมุดวิทยาเขตสวรรค์ประชารักษ์
►หนังสือทั่วไป
บนชั้น
4. การศึกษาทั่วไป
การศึกษาทั่วไป
BJ1481 ร243บ 2554 ฉ.4 
  Barcode: 033375
ห้องสมุดวิทยาเขตสวรรค์ประชารักษ์
►หนังสือทั่วไป
ถูกยืม กำหนดส่งวันที่ 8 พฤษภาคม 2568
  จอง
5. การศึกษาทั่วไป
การศึกษาทั่วไป
BJ1481 ร243บ 2554 ฉ.5 
  Barcode: 033376
ห้องสมุดวิทยาเขตสวรรค์ประชารักษ์
►หนังสือทั่วไป
บนชั้น

รายการใกล้เคียง
    ผู้แต่ง [ระพี สาคริก]

    หัวเรื่อง [การดำเนินชีวิต]

BibComment


ยังไม่เคยถูกคอมเมนท์

คอมเมนท์ทรัพยากรรายการนี้
  คอมเมนท์: บันทึกการเรียนรู..


 Copyright 2026. Bcnsprnw @Library